Stratégie a metódy rozvoja osobnosti dieťaťa (metódy výchovy) /

Na minha lista:
Detalhes bibliográficos
Autor principal: Zelina, Miron (Author)
Formato: Livro
Idioma:eslovaco
Publicado em: Bratislava : IRIS-Knižní klub, 1994
Tags: Adicionar Tag
Sem tags, seja o primeiro a adicionar uma tag!

MARC

LEADER 00000nam a22000003a 4500
001 stu22975
005 20150617225746.2
008 941212s1994----cs------------------slo-d
020 |a 80-967013-4-7 
040 |a STU  |b slo 
041 0 |a slo 
044 |a cs 
080 |a 159.9 
100 1 |a Zelina, Miron  |4 aut 
245 1 |a Stratégie a metódy rozvoja osobnosti dieťaťa (metódy výchovy) /  |c [aut.]Zelina,Miron 
260 |a Bratislava :  |b IRIS-Knižní klub,  |c 1994 
300 |a 162 s :  |b Tab.,lit.,index 
996 |b C93385  |c C*93385  |l CCXII  |s P  |a 0  |w stu22975_0001 
996 |b 284EK87999  |c E*87999  |l EE01  |s A  |a 24  |w stu22975_0002